logo

Bir Sreshtho Munshi Abdur Rouf Library
Jhenaidah Cadet College

Help Yourself to Science / (Record no. 6137)

MARC details
000 -LEADER
fixed length control field 00562nam a2200217 a 4500
001 - CONTROL NUMBER
JCCL Control Number 6137
003 - CONTROL NUMBER IDENTIFIER
JCCL marc code BD-JhCC
005 - DATE AND TIME OF LATEST TRANSACTION
control field 20180201183652.0
008 - FIXED-LENGTH DATA ELEMENTS--GENERAL INFORMATION
fixed length control field 180114s1964 P a|||| | || 000 0 eng d
035 ## - SYSTEM CONTROL NUMBER
system control number (BD-JhCC)6137
040 ## - CATALOGING SOURCE
Original cataloging agency BD-JhCC
Modifying agency BD-JhCC
041 ## - LANGUAGE CODE
Language code of Book eng
082 ## - DEWEY DECIMAL CLASSIFICATION NUMBER
Classification number 500
Author mark and Year WAT 1964
100 ## - MAIN ENTRY--PERSONAL NAME
Personal name Watts, N. A.
245 ## - TITLE STATEMENT
Title Help Yourself to Science /
Statement of responsibility, etc N. A. Watts,
260 ## - PUBLICATION, DISTRIBUTION, ETC. (IMPRINT)
Place of publication, distribution, etc Karachi :
Name of publisher, distributor, etc Allies Book Corporation,
Date of publication, distribution, etc 1964.
300 ## - PHYSICAL DESCRIPTION
Pagination 46 p. :
Other physical details ill. ;
Dimensions 23 cm.
650 ## - SUBJECT ADDED ENTRY--TOPICAL TERM
Topical term or geographic name as entry element Science
General subdivision Study and Teaching
942 ## - ADDED ENTRY ELEMENTS (KOHA)
Source of classification or shelving scheme Dewey Decimal Classification
Koha item type Books
Holdings
Source of classification or shelving scheme Damaged status Not for loan Home library Current library Shelving location Cost, normal purchase price Total Checkouts Full call number Barcode Date last seen Copy number Koha item type
Dewey Decimal Classification     JCC Rouf Library JCC Rouf Library General Stacks 1.00   500 WAT 1964 6620 01/14/2018 C - 1 Books
Dewey Decimal Classification     JCC Rouf Library JCC Rouf Library General Stacks 1.00   500 WAT 1964 8637 02/01/2018 C-2 Books
Dewey Decimal Classification     JCC Rouf Library JCC Rouf Library General Stacks 1.00   500 WAT 1964 8636 02/01/2018 C-3 Books

JCC Library | Contacts | JCC Home

Last Update on 23 September 2017
Copyright @ 2017-2020 JCC Rouf Library
Rouf Library, Jhenidah Cadet College (JCC), Bangladesh